Rǧimen Fiscal de las Actividades Agropecuarias 2016

Detalles Bibliográficos
Autor principal: Luna Guerra, Antonio
Formato: Libro
Lenguaje:portugués
Publicado: Mx̌ico Ediciones Fiscales ISEF 2016
Materias:
Acceso en línea:Acceso restringido

MARC

LEADER 00000nam a22000007a 4500
005 2016052001441.0
007 cr|||| ||u|
008 160520s2016 mx ||||| |||| 00||0 por d
020 |a 978-368-726-953-3 
035 |a 14239 
040 |a vLex  
090 |c 6111  |d 6111 
100 1 |a Luna Guerra, Antonio  
245 1 0 |a Rǧimen Fiscal de las Actividades Agropecuarias 2016  |h [Recurso electrn̤ico] / 
256 |a Servicio en ln̕ea  
260 |a Mx̌ico   |b Ediciones Fiscales ISEF  |c 2016 
300 |a 1 recurso electrn̤ico  
500 |a Este libro muestra de manera prc̀tica el trato especial y diferente a nivel interno como externo que tiene el rǧimen de actividades agropecuarias con los dems̀ contribuyentes de actividades comerciales o industriales, e incluye tambiň las actividades silvc̕olas y pesqueras, para poder llevar a cabo un adecuado esquema de los tributos en Mx̌ico. 
506 1 |a Contenido solo disponible en los productos indicados  |d vLex Global  |d vLex Global (Academic Edition, excluding Law Schools)  |d vLex Global (U.S. Academic Edition, Law Schools)  |d vLex Global (U.S. Academic Edition, excluding Law Schools)  |d vLex Global (Academic Edition, Law Schools) 
650 0 4 |a Derecho fiscal  |z Mx̌ico 
740 0 |a vLex libros (servicio en ln̕ea)  
856 4 0 |u http://vlex.com/source/regimen-fiscal-de-las-actividades-agropecuarias-2016-14239  |z Acceso restringido  
942 |c BOOK 
999 0 |a Taxation  |b Mx̌ico